Normal view
MARC view
- Mullins, Terry W.
Entry Personal Name
001 - CONTROL NUMBER
- control field: 6791
003 - CONTROL NUMBER IDENTIFIER
- control field: OSt
005 - DATE AND TIME OF LATEST TRANSACTION
- control field: 20170522121024.0
008 - FIXED-LENGTH DATA ELEMENTS
- fixed length control field: 170522|| aca||aabn | a|a d
040 ## - CATALOGING SOURCE
- Original cataloging agency: OSt
- Transcribing agency: OSt
100 ## - HEADING--PERSONAL NAME
- Personal name: Mullins, Terry W.
- Fuller form of name: (Wayne)
670 ## - SOURCE DATA FOUND
- Source citation: Work cat.: (OSt)0: Brooks, William T. 6790, Pengurusan masa berkesan hebat /, 1994

PORTAL AKMAL
E-MEL JKDM
AKMAL2U
G-BAM
u-PUSTAKA